000 00285nam a2200109Ia 4500
008 200302s9999 xx 000 0 und d
100 _aPhilip Jodidio
245 _aPiano Renzo Piano Building Workshop 1966 to today
260 _bTaschen Verlog Gmbh
260 _c2008
300 _a528 P.,
999 _c2996
_d2996